Rose Byrne Movies! - Statistics

General Stats
  • This quiz has been taken 5 times
  • The average score is 17 of 52
Answer Stats
Hint Answer % Correct
2009 Knowing
100%
2018 Peter Rabbit
100%
2007 28 Weeks Later
33%
2009 Adam
33%
2014 Adult Beginners
33%
2014 Annie
33%
2002 Attack of the Clones
33%
2011 Bridesmaids
33%
2002 City of Ghosts
33%
1994 Dallas Doll
33%
2010 Get Him to the Greek
33%
2019 I Am Mother
33%
2003 I Capture the Castle
33%
2013 I Give it A Year
33%
2017 I Love You, Daddy
33%
2010 I Love You Too
33%
2000 Insidious
33%
2018 Insidious: The Last Key
33%
2018 Instant Family
33%
2020 Irresistible
33%
2019 Jexi
33%
2018 Juliet, Naked
33%
2007 Just Buried
33%
2020 Like A Boss
33%
2006 Marie Antoinette
33%
2000 My Mother Frank
33%
2014 Neighbors
33%
2021 Peter Rabbit 2: The Runaway
33%
2022 Seriously Red
33%
2015 Spy
33%
2007 Sunshine
33%
2003 Take Away
33%
2006 The Dead Girl
33%
2000 The Goddess of 1967
33%
2017 The Immortal Life of Henrietta Lacks
33%
2013 The Internship
33%
2015 The Meddler
33%
2012 The Place Beyond the Pines
33%
2003 The Rage in Placid Lake
33%
2005 The Tenants
33%
2008 The Tender Hook
33%
2013 The Turning
33%
2014 This is Where I Leave You
33%
2004 Troy
33%
1999 Two Hands
33%
2004 Wicker Park
33%
2016 X-Men: Apocalypse
33%
2011 X-Men: First Class
33%
2003 All the Way
0%
2013 Insidious: Chapter Two
0%
2016 Neighbors 2: Sorority Rising
0%
TBD They Are Us
0%
No matching quizzes found
Score Distribution
Percent of People with Each Score
Percentile by Number Answered
Your Score History
You have not taken this quiz